01904nam a22001937a 450000500170000000800410001702000180005804000070007604100080008308200200009110000240011124500210013526000370015630000240019336500570021752013830027465000340165770000190169120250225145422.0250225b ||||| |||| 00| 0 eng d a9781398525450 cAL aeng 223a813.6bCLAI aMary, Higgins Clark aIt had to be you aLondonbSimon and Schusterc2024 a255p.bPBc20x12cm. 2Generala6693b₹399.20d₹499.00e20%f18/02/2025 aThe latest thrilling entry in the bestselling Under Suspicion series by Queen of Suspense Mary Higgins Clark and Alafair Burke. Two identical brothers, both handsome, intelligent and popular recent college graduates, seemingly perfect in every way. That is, until the shocking summer night when one of them killed their parents in cold blood. The other has an iron-clad alibi, but which twin was where during the murders? And is it possible the two of them planned the perfect crime together?Years later, the case is still unsolved, and the brothers are long estranged. Each of them claims that the other is responsible for the deaths of their parents, and they turn to television producer Laurie Moran and her team to reinvestigate. But as the Under Suspicion crew gets closer to the truth, the danger that was assumed to be left in the past finds its way into the present . featuring chilling suspense, a cast of characters whom loyal readers have come to love, and a final jaw-dropping twist, It Had to Be You is not to be missed.PRAISE FOR MARY HIGGINS CLARK AND ALAFAIR BURKE:‘I adore Mary Higgins Clark’ KARIN SLAUGHTER.‘Should come with a warning: start in the evening and you’ll be reading late into the night’ USA TODAY‘Mary Higgins Clark’s awesome gift for storytelling has always been the secret of her strength as a suspense novelist’ NEW YORK TIMES 2American English a fiction aBurke, Alafair